Muhammad in the Hadees. (Record no. 348962)
[ view plain ]
| 000 -LEADER | |
|---|---|
| fixed length control field | 00433 a2200145 4500 |
| 082 ## - DEWEY DECIMAL CLASSIFICATION NUMBER | |
| Classification number | 297.124 |
| 090 ## - LOCALLY ASSIGNED LC-TYPE CALL NUMBER (OCLC); LOCAL CALL NUMBER (RLIN) | |
| -- | 6604 |
| -- | 6604 |
| 100 ## - MAIN ENTRY--PERSONAL NAME | |
| Personal name | Mirza Abu'L-Fadl |
| 245 ## - TITLE STATEMENT | |
| Title | Muhammad in the Hadees. |
| Remainder of title | Saying of the Prophet Muhammad. |
| Statement of responsibility, etc. | Mirza Abu'L-Fadl. |
| 250 ## - EDITION STATEMENT | |
| Edition statement | 1st. |
| 260 ## - PUBLICATION, DISTRIBUTION, ETC. | |
| Place of publication, distribution, etc. | Pakistan. |
| Name of publisher, distributor, etc. | National Hijra Centenary Celebrations Committee,Pakistan. |
| Date of publication, distribution, etc. | 2012. |
| 300 ## - PHYSICAL DESCRIPTION | |
| Extent | 247p. |
| 500 ## - GENERAL NOTE | |
| General note | Paper cover |
| 942 ## - ADDED ENTRY ELEMENTS (KOHA) | |
| Institution code [OBSOLETE] | NBS |
| Koha item type | Book |
| Call number prefix | 297.124 FAD |
| Withdrawn status | Lost status | Damaged status | Not for loan | Permanent Location | Current Location | Date acquired | Full call number | Barcode | Date last seen | Price effective from | Koha item type |
|---|---|---|---|---|---|---|---|---|---|---|---|
| NUST Law School (NLS) | NUST Law School (NLS) | 08/28/2013 | 297.124 FAD | NBSD-1893 | 08/28/2013 | 08/28/2013 | Book |
